00641nam a2200193Ia 4500008004100000020001800041082001400059100004300073245004600116250000900162260004200171300002300213500001900236600002000255650001500275942000700290952013300297999001700430240925s9999 xx 000 0 und d a9789332574144 a659.1 Mor aMoriarty, Sanndra; Mitchell, Nancy D. 0aAdvertising &IMC: principles and practice a10th aNew Delhi:bPearson Educationc,2016. a878p.b0fOriginal aIncludes Index aSocial Sciences aManagement cBK 001040708MANaUITUbUITUd2018-12-17eBismillah BookDepotg1360.00l0o659.1 MorpQ12259r2024-09-25 07:16:23w2024-09-25yBK c14758d14758